BSOP header

Mangoes or bananas? : (Record no. 5108)

MARC details
000 -LEADER
fixed length control field 00672nam a2200205 4500
008 - FIXED-LENGTH DATA ELEMENTS--GENERAL INFORMATION
fixed length control field 011128s1992 enk 0 engYA
020 ## - INTERNATIONAL STANDARD BOOK NUMBER
International Standard Book Number 1870345150
090 ## - LOCALLY ASSIGNED LC-TYPE CALL NUMBER (OCLC); LOCAL CALL NUMBER (OCLC)
Classification number (OCLC) (R) ; Classification number, CALL (RLIN) (NR) BT30.A5
Local cutter number (OCLC) ; Book number/undivided call number, CALL (RLIN) H98m
100 1# - MAIN ENTRY--PERSONAL NAME
Personal name Hwa, Yung
245 10 - TITLE STATEMENT
Title Mangoes or bananas? :
Remainder of title the quest for an authentic Asian Christian theology /
Statement of responsibility, etc Yung Hwa.
260 ## - PUBLICATION, DISTRIBUTION, ETC. (IMPRINT)
Place of publication, distribution, etc United Kingdom :
Name of publisher, distributor, etc Regnum Book,
Date of publication, distribution, etc c1992.
300 ## - PHYSICAL DESCRIPTION
Extent x, 273 p.
504 ## - BIBLIOGRAPHY, ETC. NOTE
Bibliography, etc Regnum studies in mission
650 #4 - SUBJECT ADDED ENTRY--TOPICAL TERM
Topical term or geographic name as entry element Contextualization.
651 #4 - SUBJECT ADDED ENTRY--GEOGRAPHIC NAME
Geographic name Church history
Geographic subdivision Asia.
651 #4 - SUBJECT ADDED ENTRY--GEOGRAPHIC NAME
Geographic name Missions
Geographic subdivision Asia.
651 #4 - SUBJECT ADDED ENTRY--GEOGRAPHIC NAME
Geographic name Theology, Doctrinal
Geographic subdivision Asian.
951 ## - EQUIVALENCE OR CROSS-REFERENCE-GEOGRAPHIC NAME/AREA NAME [OBSOLETE] [CAN/MARC only]
General subdivision 00005847
951 ## - EQUIVALENCE OR CROSS-REFERENCE-GEOGRAPHIC NAME/AREA NAME [OBSOLETE] [CAN/MARC only]
-- 21718
-- BT30.A5/H98m
-- 070613111022421
-- 2000-12-21
-- GC
Holdings
Withdrawn status Lost status Source of classification or shelving scheme Damaged status Not for loan Home library Current library Shelving location Date acquired Accession number Shelving control number Total Checkouts Full call number Barcode Date last seen Price effective from Koha item type
    Library of Congress Classification     BSOP Library BSOP Library GC 12/21/2000 21718 127   BT30.A5/H98m 00005847 02/23/2013 02/23/2013 Books
BSOP

Biblical Seminary of the Philippines
  All rights Reserved
  © 2024

CONTACT INFORMATION

Biblical Seminary of the Philippines,
  77-B Karuhatan Road, Valenzuela City,
  PHILIPPINES 1441
  Phone: +632 8292-6795 / 8292-6798
  Fax : +632 8292-6675
  Email: library@bsop.edu.ph